<?xml version="1.0" encoding="UTF-8"?>
<record
    xmlns:xsi="http://www.w3.org/2001/XMLSchema-instance"
    xsi:schemaLocation="http://www.loc.gov/MARC21/slim http://www.loc.gov/standards/marcxml/schema/MARC21slim.xsd"
    xmlns="http://www.loc.gov/MARC21/slim">

  <leader>00338nam a2200145Ia 4500</leader>
  <controlfield tag="008">150201s2009    xx            000 0 und d</controlfield>
  <datafield tag="082" ind1=" " ind2=" ">
    <subfield code="a">616.5</subfield>
    <subfield code="b">E09T</subfield>
  </datafield>
  <datafield tag="100" ind1=" " ind2=" ">
    <subfield code="a">THAPPA , DM.</subfield>
  </datafield>
  <datafield tag="245" ind1=" " ind2=" ">
    <subfield code="a">ESSENTIALS IN DERMATOLOGY</subfield>
  </datafield>
  <datafield tag="250" ind1=" " ind2=" ">
    <subfield code="a">2ND</subfield>
  </datafield>
  <datafield tag="260" ind1=" " ind2=" ">
    <subfield code="b">JAYPEE</subfield>
    <subfield code="a">DELHI</subfield>
    <subfield code="c">2009</subfield>
  </datafield>
  <datafield tag="300" ind1=" " ind2=" ">
    <subfield code="a">1-473</subfield>
  </datafield>
  <datafield tag="650" ind1=" " ind2=" ">
    <subfield code="a">DERMATOLOGY</subfield>
  </datafield>
  <datafield tag="942" ind1=" " ind2=" ">
    <subfield code="2">ddc</subfield>
    <subfield code="c">BK</subfield>
    <subfield code="0">2</subfield>
  </datafield>
  <datafield tag="952" ind1=" " ind2=" ">
    <subfield code="0">0</subfield>
    <subfield code="1">0</subfield>
    <subfield code="2">ddc</subfield>
    <subfield code="4">0</subfield>
    <subfield code="7">0</subfield>
    <subfield code="8">MEDICAL</subfield>
    <subfield code="a">FM</subfield>
    <subfield code="b">FM</subfield>
    <subfield code="c">TXT</subfield>
    <subfield code="d">2014-01-23</subfield>
    <subfield code="e">ABC DELHI</subfield>
    <subfield code="g">725.00</subfield>
    <subfield code="i">SGTU</subfield>
    <subfield code="l">1</subfield>
    <subfield code="o">616.5 E09T</subfield>
    <subfield code="p">FM5842</subfield>
    <subfield code="r">2024-02-12 00:00:00</subfield>
    <subfield code="s">2024-02-05</subfield>
    <subfield code="w">2014-02-12</subfield>
    <subfield code="y">BK</subfield>
    <subfield code="k">4209</subfield>
  </datafield>
  <datafield tag="952" ind1=" " ind2=" ">
    <subfield code="0">0</subfield>
    <subfield code="1">0</subfield>
    <subfield code="2">ddc</subfield>
    <subfield code="4">0</subfield>
    <subfield code="7">0</subfield>
    <subfield code="8">MEDICAL</subfield>
    <subfield code="a">FM</subfield>
    <subfield code="b">FM</subfield>
    <subfield code="c">TXT</subfield>
    <subfield code="d">2014-01-23</subfield>
    <subfield code="e">ABC DELHI</subfield>
    <subfield code="g">725.00</subfield>
    <subfield code="i">SGTU</subfield>
    <subfield code="l">1</subfield>
    <subfield code="o">616.5 E09T</subfield>
    <subfield code="p">FM5843</subfield>
    <subfield code="r">2020-07-23 00:00:00</subfield>
    <subfield code="s">2020-07-16</subfield>
    <subfield code="w">2014-02-12</subfield>
    <subfield code="y">BK</subfield>
    <subfield code="k">4209</subfield>
  </datafield>
  <datafield tag="952" ind1=" " ind2=" ">
    <subfield code="0">0</subfield>
    <subfield code="1">0</subfield>
    <subfield code="2">ddc</subfield>
    <subfield code="4">0</subfield>
    <subfield code="7">0</subfield>
    <subfield code="8">MEDICAL</subfield>
    <subfield code="a">FM</subfield>
    <subfield code="b">FM</subfield>
    <subfield code="c">TXT</subfield>
    <subfield code="d">2014-01-23</subfield>
    <subfield code="e">ABC DELHI</subfield>
    <subfield code="g">725.00</subfield>
    <subfield code="i">SGTU</subfield>
    <subfield code="l">0</subfield>
    <subfield code="o">616.5 E09T</subfield>
    <subfield code="p">FM5844</subfield>
    <subfield code="r">2015-02-09 00:00:00</subfield>
    <subfield code="w">2014-02-12</subfield>
    <subfield code="y">BK</subfield>
    <subfield code="k">4209</subfield>
  </datafield>
  <datafield tag="952" ind1=" " ind2=" ">
    <subfield code="0">0</subfield>
    <subfield code="1">0</subfield>
    <subfield code="2">ddc</subfield>
    <subfield code="4">0</subfield>
    <subfield code="7">0</subfield>
    <subfield code="8">MEDICAL</subfield>
    <subfield code="a">FM</subfield>
    <subfield code="b">FM</subfield>
    <subfield code="c">TXT</subfield>
    <subfield code="d">2014-01-23</subfield>
    <subfield code="e">ABC DELHI</subfield>
    <subfield code="g">725.00</subfield>
    <subfield code="i">SGTU</subfield>
    <subfield code="l">0</subfield>
    <subfield code="o">616.5 E09T</subfield>
    <subfield code="p">FM5845</subfield>
    <subfield code="r">2015-02-09 00:00:00</subfield>
    <subfield code="w">2014-02-12</subfield>
    <subfield code="y">BK</subfield>
    <subfield code="k">4209</subfield>
  </datafield>
  <datafield tag="952" ind1=" " ind2=" ">
    <subfield code="0">0</subfield>
    <subfield code="1">0</subfield>
    <subfield code="2">ddc</subfield>
    <subfield code="4">0</subfield>
    <subfield code="7">0</subfield>
    <subfield code="8">MEDICAL</subfield>
    <subfield code="a">FM</subfield>
    <subfield code="b">FM</subfield>
    <subfield code="c">TXT</subfield>
    <subfield code="d">2014-01-23</subfield>
    <subfield code="e">ABC DELHI</subfield>
    <subfield code="g">725.00</subfield>
    <subfield code="i">SGTU</subfield>
    <subfield code="l">0</subfield>
    <subfield code="o">616.5 E09T</subfield>
    <subfield code="p">FM5846</subfield>
    <subfield code="r">2015-02-09 00:00:00</subfield>
    <subfield code="w">2014-02-12</subfield>
    <subfield code="y">BK</subfield>
    <subfield code="k">4209</subfield>
  </datafield>
  <datafield tag="999" ind1=" " ind2=" ">
    <subfield code="c">1681</subfield>
    <subfield code="d">1681</subfield>
  </datafield>
</record>
